书目信息 |
| 题名: |
总有女人的男人
|
|
| 作者: | 张禹九 著 | |
| 分册: | ||
| 出版信息: | 天津 天津人民出版社 2004 |
|
| 页数: | 4,206页 | |
| 开本: | 20cm | |
| 丛书名: | ||
| 单 册: | ||
| 中图分类: | K837.125.6 | |
| 科图分类: | ||
| 主题词: | 作家 , 生平事迹 , 作家--生平事迹--美国--现代 | |
| 电子资源: | ||
| ISBN: | 7-201-04423-0 | |
| 000 | 00879nam0 2200265 45 | |
| 001 | 060000008406 | |
| 005 | 20050913090458.28 | |
| 010 | @a7-201-04423-0@dCNY14.00 | |
| 100 | @a20040920d2004 ekmy0chiy0120 ea | |
| 101 | 0 | @achi |
| 102 | @aCN@b120000 | |
| 105 | @ay z 000yy | |
| 200 | 1 | @a总有女人的男人@Azong you nu^ ren de nan ren@e遥瞻海明威@f张禹九著@Fzhang yu jiu zhu |
| 210 | @a天津@c天津人民出版社@d2004 | |
| 215 | @a4,206页@c图,图版@d20cm | |
| 330 | @a本书对作家海明威进行人物研究,阐述其生平及家人,研究其作品,分析其自杀原因,介绍他生命中的几位女性等。 | |
| 517 | 1 | @a遥瞻海明威@Ayao zhan hai ming wei |
| 600 | 1 | @a海明威@bE.@f1899~1961 |
| 606 | 0 | @a作家 |
| 606 | 0 | @a生平事迹 |
| 606 | 0 | @a作家@x生平事迹@y美国@z现代 |
| 690 | @aK837.125.6@v4 | |
| 701 | 0 | @a张禹九@Azhang yu jiu@4著 |
| 801 | 0 | @aCN@bTSSF@c20050913 |
| 905 | @a10447@dK837.125.6@e363ZY | |
| 总有女人的男人:遥瞻海明威/张禹九著.-天津:天津人民出版社,2004 |
| 4,206页:图,图版;20cm |
| ISBN 7-201-04423-0:CNY14.00 |
| 本书对作家海明威进行人物研究,阐述其生平及家人,研究其作品,分析其自杀原因,介绍他生命中的几位女性等。 |
| ● |
| 相关链接 |
|
|
|
|
正题名:总有女人的男人
索取号:K837.125.6/363ZY
 
预约/预借
| 序号 | 登录号 | 条形码 | 馆藏地/架位号 | 状态 | 备注 |
| 1 | 0361159 | 3611595 | 第二样本阅览室/ [索取号:K837.125.6/363ZY] | 在馆 | |
| 2 | 0361160 | 3611602 | 第二借阅区/ [索取号:K837.125.6/363ZY] | 在馆 | |
| 3 | 0361161 | 3611611 | 第二借阅区/ [索取号:K837.125.6/363ZY] | 在馆 | |
| 4 | 0361162 | 3611620 | 第二借阅区/ [索取号:K837.125.6/363ZY] | 在馆 | |
| 5 | 0361163 | 3611639 | 第二借阅区/ [索取号:K837.125.6/363ZY] | 在馆 |